000 00757nam0a22002531 4500
001 RU\NLR\INFOCOMM17\ROSSICA\1000299504
005 20250613193352.0
035 _a(NLR Aleph) 009971233
090 _a9648380
_c9648380
100 _a20030905d1897 |||y0rusy50 ca
101 0 _afre
102 _aRU
105 _ay ||||000ay
200 1 _aAscensions droites moyennes de 115 étoiles circompolaires déduites pour l'époque 1893
_eO des observations faites au cercle méridien de Poulkovo
_fMorine, M.
210 _aSt.Pétersbourg
_d1897
215 _d
700 1 _aMorine
_bM.
_4070
801 1 _aRU
_bInfoComm
_c20030905
801 0 _aRU
_bNLR
_gPSBO
852 _aNLR
_j12.53.6.1246
942 _cBOOK
980 _aNB
980 _aRossica